000 00580nam a22002057a 4500
999 _c18502
_d18502
003 AR-CdUCM
008 190514b ||||| |||| 00| 0 spa d
040 _aMUNICIPALIDAD PROVINCIAL DEL CUSCO
_cBIBLIOTECA MUNICIPAL DEL CUSCO
082 _a869.56 /
_bV28
100 _aVargas Luna, M. P.
_939129
245 _aCuentos /
260 _aLima :
_bLos andes,
_c1973.
300 _a196 páginas ;
_c21 cm.
505 _aContenido : Cuentos
650 _aLiteratura
_983
650 _aCuentos
_9217
650 _aPeruanas
_928844
942 _2ddc
_cLIBROS
945 _arah
_d2019/05/14